Central Library OPAC University of Rajshahi

سرگزشت الفاظ / sargazsht alfaz // (Record no. 86497)

MARC details
000 -LEADER
fixed length control field 00554nam a2200193 4500
001 - CONTROL NUMBER
control field 86497
003 - CONTROL NUMBER IDENTIFIER
rucl marc code BD-RjUL
005 - DATE AND TIME OF LATEST TRANSACTION
control field 20260518101435.0
008 - FIXED-LENGTH DATA ELEMENTS--GENERAL INFORMATION
fixed length control field 260518s1965 pk ||||| |||| 00| 0 urd d
035 ## - SYSTEM CONTROL NUMBER
System control number (BD-RjUL) 86497
040 ## - CATALOGING SOURCE
Original cataloging agency BD-RjUL
Language of cataloging eng
Transcribing agency BD-RjUL
041 ## - LANGUAGE CODE
Language code of text/sound track or separate title urd
082 ## - DEWEY DECIMAL CLASSIFICATION NUMBER
Edition number 23
Classification number 491.43981
Author mark and year DIS 1969
245 ## - TITLE STATEMENT
Title سرگزشت الفاظ / sargazsht alfaz //
Statement of responsibility, etc. احمد دین ;; Ahmad Din
260 ## - PUBLICATION, DISTRIBUTION, ETC. (IMPRINT)
Place of publication, distribution, etc. Karachi :
Name of publisher, distributor, etc. Shikh golam ali,
Date of publication, distribution, etc. 1969
300 ## - PHYSICAL DESCRIPTION
Pagination 268 p. ;
Size 17 cm
650 ## - SUBJECT ADDED ENTRY--TOPICAL TERM
Topical term or geographic name as entry element Urdu language
Form subdivision Etymology
9 (RLIN) 18505
942 ## - ADDED ENTRY ELEMENTS (KOHA)
Source of classification or shelving scheme Dewey Decimal Classification
Koha item type Books
Holdings
Lost status Source of classification or shelving scheme Damaged status Not for loan Collection code Permanent Location Current Location Shelving location Date acquired Source of acquisition Cost, normal purchase price Total Checkouts Full call number Date last seen Copy number Koha item type
  Dewey Decimal Classification   Not For Loan Non-fiction Central Library, University of Rajshahi Central Library, University of Rajshahi Reading Room 15/02/1992 Firoz & sons 4.00   U 491.43981 DIS 1969 18/05/2026 C-1 Books